A Criaçao e a Consolidaçao da Faculdade de Filosofia, Ciências e Letras Santo Tomás de Aquino em Uberaba, Minas Gerais: uma experiência singular da Congregaçao Dominicana no Brasil (1948-61 (Record no. 601428)
[ view plain ]
| 000 -CABECERA | |
|---|---|
| Campo de control de longitud fija | 00703nab a2200157Ia 4500 |
| 003 - IDENTIFICADOR DEL NÚMERO DE CONTROL | |
| Campo de control | ES-SlBCS |
| 005 - FECHA Y HORA DE LA ÚLTIMA TRANSACCIÓN | |
| Campo de control | 20210601133737.0 |
| 008 - CÓDIGOS DE INFORMACIÓN DE LONGITUD FIJA | |
| Campo de control de longitud fija | 140529s2004 xxu||||| |||| 00| 0 por d |
| 041 ## - CÓDIGO DE LENGUA | |
| Código de lengua del texto/banda sonora o título independiente | por |
| 100 1# - PUNTO DE ACCESO PRINCIPAL-NOMBRE DE PERSONA | |
| Nombre de persona | Oliveira, Sebastiao José de |
| 9 (RLIN) | 209098 |
| 245 02 - MENCIÓN DE TÍTULO | |
| Título | A Criaçao e a Consolidaçao da Faculdade de Filosofia, Ciências e Letras Santo Tomás de Aquino em Uberaba, Minas Gerais: uma experiência singular da Congregaçao Dominicana no Brasil (1948-61 |
| Mención de responsabilidad, etc. | Sebastiao José de Oliveira, Décio Gatti Júnior |
| 610 24 - PUNTO DE ACCESO ADICIONAL DE MATERIA-NOMBRE DE ENTIDAD CORPORATIVA | |
| Nombre de entidad corporativa o nombre de jurisdicción como elemento inicial | Dominicos-Brasil |
| 9 (RLIN) | 172214 |
| 700 1# - PUNTO DE ACCESO ADICIONAL-NOMBRE DE PERSONA | |
| Nombre de persona | Gatti Júnior, Décio |
| 9 (RLIN) | 209097 |
| 773 0# - ENLACE AL DOCUMENTO FUENTE | |
| Título | Educaçao e Filosofia |
| Parte(s) relacionada(s) | vol. 18 Nº Especial, nº. 35, 2004, págs. 131-150 |
| Número de control del registro relacionado | Rev1534 |
| 942 ## - ENTRADA DE ELEMENTOS AGREGADOS (KOHA) | |
| Koha [por defecto] tipo de item | Artículos de revista |
| Suprimido | Perdido | Estropeado | No para préstamo | Localización permanente | Localización actual | Localización en estantería | Fecha adquisición | Préstamos totales | Fecha última consulta | Fecha del precio de reemplazo | Tipo de item de Koha |
|---|---|---|---|---|---|---|---|---|---|---|---|
| San Esteban | San Esteban | Depósito de revistas | 11/07/2014 | 11/07/2014 | 11/07/2014 | Artículos de revista |
